<?xml version="1.0" encoding="UTF-8"?>
<record
    xmlns:xsi="http://www.w3.org/2001/XMLSchema-instance"
    xsi:schemaLocation="http://www.loc.gov/MARC21/slim http://www.loc.gov/standards/marcxml/schema/MARC21slim.xsd"
    xmlns="http://www.loc.gov/MARC21/slim">

  <leader>01218nam0a22003011  4500</leader>
  <controlfield tag="001">v19\rc\1875512</controlfield>
  <controlfield tag="005">20251118180501.9</controlfield>
  <datafield tag="035" ind1=" " ind2=" ">
    <subfield code="a">(NLR Aleph) 004988365</subfield>
  </datafield>
  <datafield tag="090" ind1=" " ind2=" ">
    <subfield code="a">6259072</subfield>
    <subfield code="c">6259072</subfield>
  </datafield>
  <datafield tag="100" ind1=" " ind2=" ">
    <subfield code="a">20251123              rusy50        </subfield>
  </datafield>
  <datafield tag="101" ind1="0" ind2=" ">
    <subfield code="a">rus</subfield>
  </datafield>
  <datafield tag="102" ind1=" " ind2=" ">
    <subfield code="a">RU</subfield>
  </datafield>
  <datafield tag="105" ind1=" " ind2=" ">
    <subfield code="a">y   z   |||||</subfield>
  </datafield>
  <datafield tag="200" ind1="1" ind2=" ">
    <subfield code="a">&#x41A;&#x43E;&#x441;&#x442;&#x435;&#x440; &#x431;&#x435;&#x437;&#x43E;&#x441;&#x442;&#x44B;&#x439; &#x438; &#x435;&#x433;&#x43E; &#x432;&#x43E;&#x437;&#x434;&#x435;&#x43B;&#x44B;&#x432;&#x430;&#x43D;&#x438;&#x435;</subfield>
    <subfield code="f">&#x410;&#x433;&#x440;. [&#x41A;.] &#x41A;&#x440;&#x44B;&#x43B;&#x43E;&#x432;</subfield>
  </datafield>
  <datafield tag="210" ind1=" " ind2=" ">
    <subfield code="a">&#x423;&#x444;&#x430;</subfield>
    <subfield code="c">&#x44D;&#x43B;&#x435;&#x43A;&#x442;&#x440;. &#x442;&#x438;&#x43F;. "&#x41F;&#x435;&#x447;&#x430;&#x442;&#x44C;" &#x41D;.&#x424;. &#x414;&#x435;&#x43B;&#x438;&#x43D;&#x441;&#x43A;&#x43E;&#x433;&#x43E;</subfield>
    <subfield code="d">1910</subfield>
  </datafield>
  <datafield tag="215" ind1=" " ind2=" ">
    <subfield code="a">16 &#x441;.</subfield>
    <subfield code="d">17</subfield>
  </datafield>
  <datafield tag="309" ind1=" " ind2=" ">
    <subfield code="a">&#x411;&#x435;&#x437; &#x442;&#x438;&#x442;. &#x43B;.</subfield>
  </datafield>
  <datafield tag="311" ind1=" " ind2=" ">
    <subfield code="a">&#x41E;&#x442;&#x442;. &#x438;&#x437; "&#x421;.-&#x445;. &#x43B;&#x438;&#x441;&#x442;&#x43A;&#x430; &#x423;&#x444;&#x438;&#x43C;. &#x437;&#x435;&#x43C;&#x441;&#x442;&#x432;&#x430;". 1910, &#x2116; 4</subfield>
  </datafield>
  <datafield tag="488" ind1=" " ind2="0">
    <subfield code="1">2001#$a&#x421;&#x435;&#x43B;&#x44C;&#x441;&#x43A;&#x43E;&#x445;&#x43E;&#x437;&#x44F;&#x439;&#x441;&#x442;&#x432;&#x435;&#x43D;&#x43D;&#x44B;&#x439; &#x43B;&#x438;&#x441;&#x442;&#x43E;&#x43A; &#x423;&#x444;&#x438;&#x43C;&#x441;&#x43A;&#x43E;&#x433;&#x43E; &#x437;&#x435;&#x43C;&#x441;&#x442;&#x432;&#x430;$v1910, &#x2116; 4</subfield>
    <subfield code="t">&#x421;&#x435;&#x43B;&#x44C;&#x441;&#x43A;&#x43E;&#x445;&#x43E;&#x437;&#x44F;&#x439;&#x441;&#x442;&#x432;&#x435;&#x43D;&#x43D;&#x44B;&#x439; &#x43B;&#x438;&#x441;&#x442;&#x43E;&#x43A; &#x423;&#x444;&#x438;&#x43C;&#x441;&#x43A;&#x43E;&#x433;&#x43E; &#x437;&#x435;&#x43C;&#x441;&#x442;&#x432;&#x430;</subfield>
  </datafield>
  <datafield tag="700" ind1=" " ind2="1">
    <subfield code="7">ca</subfield>
    <subfield code="8">rus</subfield>
    <subfield code="a">&#x41A;&#x440;&#x44B;&#x43B;&#x43E;&#x432;</subfield>
    <subfield code="b">&#x41A;. &#x412;.</subfield>
    <subfield code="c">&#x430;&#x433;&#x440;&#x43E;&#x43D;&#x43E;&#x43C;</subfield>
    <subfield code="g">&#x41A;&#x43E;&#x43D;&#x441;&#x442;&#x430;&#x43D;&#x442;&#x438;&#x43D; &#x412;&#x43B;&#x430;&#x441;&#x44C;&#x435;&#x432;&#x438;&#x447;</subfield>
    <subfield code="9">228262</subfield>
    <subfield code="3">RU\NLR\AUTH\770228318</subfield>
  </datafield>
  <datafield tag="801" ind1=" " ind2="0">
    <subfield code="a">RU</subfield>
    <subfield code="b">NLR</subfield>
    <subfield code="g">psbo</subfield>
  </datafield>
  <datafield tag="801" ind1=" " ind2="0">
    <subfield code="a">RU</subfield>
    <subfield code="b">RuMoRGB</subfield>
    <subfield code="2">psbo</subfield>
  </datafield>
  <datafield tag="801" ind1=" " ind2="1">
    <subfield code="a">RU</subfield>
    <subfield code="b">ProSoft-M</subfield>
    <subfield code="2">rusmarc</subfield>
  </datafield>
  <datafield tag="852" ind1=" " ind2=" ">
    <subfield code="a">NLR</subfield>
    <subfield code="j">34.48.8.1215</subfield>
  </datafield>
  <datafield tag="899" ind1=" " ind2=" ">
    <subfield code="a">RuMoRGB</subfield>
    <subfield code="j">V 286/1140</subfield>
  </datafield>
  <datafield tag="942" ind1=" " ind2=" ">
    <subfield code="c">BOOK</subfield>
  </datafield>
  <datafield tag="980" ind1=" " ind2=" ">
    <subfield code="a">NB</subfield>
  </datafield>
  <datafield tag="995" ind1=" " ind2=" ">
    <subfield code="5">2013-10-26</subfield>
    <subfield code="b">NLR02</subfield>
    <subfield code="c">NLR02</subfield>
    <subfield code="e">RFS</subfield>
    <subfield code="f">4988365-10</subfield>
    <subfield code="k">34.48.8.1215</subfield>
    <subfield code="o">0</subfield>
    <subfield code="r">BOOK</subfield>
    <subfield code="s">344881215_</subfield>
  </datafield>
</record>
